000 00538nam a2200217Ia 4500
001 3170
003 GE_BSU
008 181216s||||||||xx |||||||||||||| ||und||
020 _a5177700071
040 _cGE_BSU
080 _a336(038)
245 _aфинансы. оксфордский толковый словарь
245 _bангло-русский
260 _aМосква
260 _b«Весь Мир»
260 _c1997
300 _a496 с.
541 _h10 л. 05 т.
653 _aфинансы
942 _cBK
999 _c37213
_d37213